| 000 | 005930000a22001810004500 | ||
|---|---|---|---|
| 003 | MACL | ||
| 005 | 20160322170806.0 | ||
| 008 | 160322b xxu||||| |||| 00| 0 eng d | ||
| 040 |
_aMACL _cMACL |
||
| 041 | _aHindi | ||
| 082 | _a100 | ||
| 100 |
_aखॉ प्रोफेसर मुहम्मद इसराइल _948120 |
||
| 245 | _aपरा चेतना की उर्ध्व यात्रा | ||
| 260 |
_bनिशा बुक सर्विस _c2006 _aगाजियाबाद |
||
| 350 | _a375 | ||
| 650 |
_aPhilisophy _948121 |
||
| 942 |
_cHIN _k100 _2ddc |
||
| 999 |
_c11722 _d11722 |
||